Geography Quiz

Random Geography or State Quiz

Progressively Harder: Larger States Quiz Stats

 Plays Quiz Updated Mar 22, 2019

Score 0/25 Timer 04:00
1 Play Today
States Larger State % Correct
Alaska or Rhode Island????
99.7%
Delaware or Texas????
99.5%
California or Connecticut????
99.3%
Nevada or New Hampshire????
98.6%
New Jersey or New Mexico????
98.5%
Colorado or Vermont????
98.5%
Arizona or Massachusetts????
98.4%
Hawaii or Montana????
97.7%
Maryland or Wyoming????
97.4%
Oregon or West Virginia????
97.2%
Maine or Utah????
94.2%
Idaho or South Carolina????
93.6%
Kentucky or Minnesota????
93.2%
States Larger State % Correct
North Dakota or Tennessee????
90.7%
Nebraska or Virginia????
88.3%
Mississippi or Washington????
87.9%
Ohio or South Dakota????
86.2%
Indiana or Kansas????
83.1%
Louisiana or Missouri????
79%
Michigan or North Carolina????
78.8%
Arkansas or Illinois????
68.4%
Oklahoma or Pennsylvania????
66.7%
Georgia or New York????
55.3%
Florida or Wisconsin????
39.8%
Alabama or Iowa????
34.8%

You're not logged in!

Compare scores with friends on all Sporcle quizzes.
OR
Log In

Sporcle TV

Today on Sporcle TV


Watch our educational content, quiz creation guides, and fun videos on Sporcle TV.

Show Comments

Extras

Top Quizzes Today


Score Distribution

Your Account Isn't Verified!

In order to create a playlist on Sporcle, you need to verify the email address you used during registration. Go to your Sporcle Settings to finish the process.

Report this User

Report this user for behavior that violates our Community Guidelines.

Details: